تحفة التحصيل في ذكر رواة المراسيل / (رقم التسجيلة. 78954)

تفاصيل مارك
000 -LEADER
fixed length control field 00807nam a22002297a 4500
005 - DATE AND TIME OF LATEST TRANSACTION
control field 20251108172425.0
008 - FIXED-LENGTH DATA ELEMENTS--GENERAL INFORMATION
fixed length control field 250721s9999 xx 000 0 ara d
082 14 - DEWEY DECIMAL CLASSIFICATION NUMBER
Classification number م/213.233/عرا
100 1# - MAIN ENTRY--PERSONAL NAME
Personal name إبن العراقي، ولي الدين أبو زرعة أحمد عبدالرحيم
245 10 - TITLE STATEMENT
Title تحفة التحصيل في ذكر رواة المراسيل /
264 1# - PRODUCTION, PUBLICATION, DISTRIBUTION, MANUFACTURE, AND COPYRIGHT NOTICE
Place of production, publication, distribution, manufacture القاهرة :
Name of producer, publisher, distributor, manufacturer مكتبة الخانجي،
300 ## - PHYSICAL DESCRIPTION
Extent 668ص
650 17 - SUBJECT ADDED ENTRY--TOPICAL TERM
Topical term or geographic name as entry element الرواة
650 17 - SUBJECT ADDED ENTRY--TOPICAL TERM
Topical term or geographic name as entry element الحديث
650 17 - SUBJECT ADDED ENTRY--TOPICAL TERM
Topical term or geographic name as entry element علوم الحديث
650 17 - SUBJECT ADDED ENTRY--TOPICAL TERM
Topical term or geographic name as entry element الحديث المرسل
700 1# - ADDED ENTRY--PERSONAL NAME
Personal name عبدالمطلب، رفعت فوزي
Relator term محقق
700 1# - ADDED ENTRY--PERSONAL NAME
Personal name حماد، نافذ حسين
Relator term محقق
700 1# - ADDED ENTRY--PERSONAL NAME
Personal name فريد، علي عبدالباسط
Relator term محقق
942 ## - ADDED ENTRY ELEMENTS (KOHA)
Source of classification or shelving scheme Dewey Decimal Classification
Koha item type مراجع
المقتنيات
حالة السحب حالة الفقدان مصدر التصنيف حالة التلف غير قابل للإعارة المكتبة الرئيسية المكتبة الحالية موقع الرف تاريخ التزويد الرقم المتسلسل Total Checkouts رقم الإستدعاء الباركود تاريخ آخر ظهور تاريخ الفاتورة نوع المادة (كوها)
    Dewey Decimal Classification   Not For Loan المكتبة المركزية المكتبة المركزية مراجع 28/07/2025 454201   م/213.233/عرا 454201 28/07/2025 28/07/2025 مراجع
    Dewey Decimal Classification   Not For Loan مكتبة الاميرة بديعة مكتبة الاميرة بديعة مراجع 30/07/2015 397772   م/213.233/عرا PLD00339911 28/07/2025 30/07/2015 مراجع
Implemented & Customized by: BBB with SCIT (Smart Chains for Information Technology)

Powered by Koha